MARC details
| 000 -CABECERA |
| campo de control de longitud fija |
01630nam a2200325 i 4500 |
| 001 - NÚMERO DE CONTROL |
| campo de control |
991061720873006706 |
| 003 - IDENTIFICADOR DEL NÚMERO DE CONTROL |
| campo de control |
ES-BaIT |
| 005 - FECHA Y HORA DE LA ÚLTIMA TRANSACCIÓN |
| campo de control |
20260225121722.0 |
| 008 - DATOS DE LONGITUD FIJA--INFORMACIÓN GENERAL |
| campo de control de longitud fija |
t20242e202410 fr r 000 1 fre d |
| 020 ## - NÚMERO INTERNACIONAL ESTÁNDAR DEL LIBRO |
| Número Internacional Estándar del Libro |
9782749816685 |
| 040 ## - FUENTE DE LA CATALOGACIÓN |
| Centro catalogador/agencia de origen |
ES-BaIT |
| Lengua de catalogación |
cat |
| Normas de descripción |
rda |
| Centro/agencia transcriptor |
ES-BaIT |
| 080 ## - NÚMERO DE LA CLASIFICACIÓN DECIMAL UNIVERSAL |
| Número de la Clasificación Decimal Universal |
840-2"19" |
| 100 ## - ENTRADA PRINCIPAL--NOMBRE DE PERSONA |
| Nombre de persona |
Caron, Didier |
| Término indicativo de función/relación |
autor |
| 9 (RLIN) |
113483 |
| 245 13 - MENCIÓN DE TÍTULO |
| Título |
Le Duplex / |
| Mención de responsabilidad, etc. |
Didier Caron |
| 264 #1 - PRODUCCIÓN, PUBLICACIÓN, DISTRIBUCIÓN, FABRICACIÓN Y COPYRIGHT |
| Producción, publicación, distribución, fabricación y copyright |
Paris : |
| Nombre del de productor, editor, distribuidor, fabricante |
L'avant-scène théâtre, |
| Fecha de producción, publicación, distribución, fabricación o copyright |
octobre 2024 |
| 300 ## - DESCRIPCIÓN FÍSICA |
| Extensión |
74 pàgines ; |
| Dimensiones |
21 cm |
| 336 ## - TIPO DE CONTENIDO |
| Término de tipo de contenido |
text |
| Código de tipo de contenido |
txt |
| Fuente |
rdacontent |
| 337 ## - TIPO DE MEDIO |
| Nombre/término del tipo de medio |
sense mediació |
| Código del tipo de medio |
n |
| Fuente |
rdamedia |
| 338 ## - TIPO DE SOPORTE |
| Nombre/término del tipo de soporte |
volum |
| Código del tipo de soporte |
nc |
| Fuente |
rdacarrier |
| 490 1# - MENCIÓN DE SERIE |
| Mención de serie |
L'Avant-scène théâtre ; |
| Designación de volumen o secuencia |
no 1564 |
| 500 ## - NOTA GENERAL |
| Nota general |
P4: D2, H2 |
| 500 ## - NOTA GENERAL |
| Nota general |
Publicat com no 1564 (octobre 2024) de la revista L'Avant-scène théâtre |
| 500 ## - NOTA GENERAL |
| Nota general |
Estrena Théâtre de Paris, el 22 de febrer de 2024 |
| 520 ## - SUMARIO, ETC. |
| Sumario, etc. |
"Les Berger habitent au sixième étage d'un immeuble parisien. Ils s'y sentent bien, au point de vouloir agrandir leur espace : ainsi, rêvent-ils de récupérer l'appartement des Tissandier, leurs sympathiques voisins du cinquième, afin de se créer un joli duplex. Mais les Tissandier sont heureux chez eux et ne comptent pas déménager. Il ne reste aux Berger qu'une seule alternative : utiliser tous les stratagèmes possibles pour faire voler en éclats l'harmonie de l'autre couple... Une comédie jubilatoire et irrésistible, écrite et mise en scène par Didier Caron"-- Contracoberta |
| 650 #0 - PUNTO DE ACCESO ADICIONAL DE MATERIA--TÉRMINO DE MATERIA |
| Término de materia o nombre geográfico como elemento de entrada |
Parelles |
| Subdivisión de forma |
Textos dramàtics |
| 9 (RLIN) |
168181 |
| 830 ## - PUNTO DE ACCESO ADICIONAL DE SERIE-TÍTULO UNIFORME |
| Título uniforme |
Avant-scène. |
| Nombre de parte o sección de la obra |
Théâtre |
| Designación de volumen o secuencia |
no 1564 |
| 9 (RLIN) |
168170 |
| 908 ## - COLOCAR PARÁMETRO DE COMANDO (RLIN) |
| Colocar parámetro de comando |
CDMAE |
| 940 ## - EQUIVALENCIA O REFERENCIA-CRUZADA--TÍTULO UNIFORME [OBSOLETO] [solamente CAN/MARC] |
| Título uniforme |
<a href="CDMAE">CDMAE</a> |
| 942 ## - ELEMENTOS DE ENTRADA AGREGADA (KOHA) |
| Fuente del sistema de clasificación o colocación |
Clasificación decimal universal |
| Tipo de ítem Koha |
Llibre |